Bands by Emoji Quiz #1 - Statistics

General Stats
  • This quiz has been taken 93 times
  • The average score is 14 of 20
Answer Stats
Emoji Band % Correct
๐Ÿ’‹ Kiss
100%
๐Ÿ”ด๐Ÿ”ฅ๐ŸŒถ๐ŸŒถ Red Hot Chili Peppers
95%
๐Ÿ”ซ๐ŸŒน๐Ÿ”ซ๐ŸŒน Guns N' Roses
94%
๐Ÿ‘ธ Queen
93%
๐Ÿ‘ฎ๐Ÿ‘ฎ The Police
90%
๐Ÿชฒ๐Ÿชฒ๐Ÿชฒ๐Ÿชฒ Beatles
86%
๐Ÿ”จ๐ŸŽƒ๐Ÿ”จ๐ŸŽƒ Smashing Pumpkins
83%
โ„๐Ÿ’๐Ÿ’ Arctic Monkeys
82%
๐Ÿฆ…๐Ÿฆ… Eagles
82%
๐ŸŽ‚ Cake
81%
๐Ÿ“ป๐Ÿง‘ Radio Head
79%
๐Ÿ–๐Ÿง’๐Ÿง’ The Beach Boys
77%
๐ŸŒŽ๐ŸŒฌ๐Ÿ”ฅ Earth, Wind & Fire
65%
๐Ÿ”ด๐ŸŸค5๏ธโƒฃ Maroon 5
65%
๐Ÿ”™๐Ÿ›ฃ๐Ÿง’๐Ÿง’ Backstreet Boys
61%
โ„โ–ถ Coldplay
57%
๐Ÿ”„๐Ÿชจ The Rolling Stones
48%
โšซโ›ช Black Sabbath
40%
๐Ÿง๐Ÿ† Def Leppard
37%
๐Ÿ™๐Ÿ˜ต Grateful Dead
21%
No matching quizzes found
Score Distribution
Percent of People with Each Score
Percentile by Number Answered
Your Score History
You have not taken this quiz